Conversión de señales analógicas a digitales(diseño de componentes de un sistema)
Guardado en:
| Hovedforfatter: | |
|---|---|
| Format: | Bog |
| Udgivet: |
[San José , Costa Rica]
1972
|
| Tags: |
Tilføj Tag
Ingen Tags, Vær først til at tagge denne postø!
|
MARC
| LEADER | 00000nam a2200000Ia 4500 | ||
|---|---|---|---|
| 003 | PIE020 | ||
| 005 | 20221231143848.0 | ||
| 008 | 140116s1972 c a m 000 ||s d | ||
| 040 | |c cru CEDI | ||
| 090 | |a PIE 20 | ||
| 100 | |a Barquero H, Pablo |9 18273 | ||
| 245 | |a Conversión de señales analógicas a digitales(diseño de componentes de un sistema) | ||
| 260 | |c 1972 |a [San José , Costa Rica] | ||
| 300 | |a 40 hojas , ilustraciones | ||
| 500 | |a A la Cabeza de la portada. Universidad de Costa Rica. Escuela de Ingeniería. Departamento de Ingeniería Eléctrica. Proyecto Eléctrico | ||
| 942 | |c PIE | ||
| 999 | |c 13403 |d 13403 | ||
